[Event "Oberpfalz-ch M2"]
[Site "Schwandorf"]
[Date "2015.03.29"]
[Round "3"]
[White "Stark, Martin"]
[Black "Schindler, Thomas"]
[Result "1-0"]
[WhiteElo "1808"]
[BlackElo "1669"]
[PlyCount "91"]
[EventDate "2015.03.28"]
[EventType "swiss"]
[EventRounds "8"]
[EventCountry "GER"]
[SourceTitle "EXT 2022"]
[Source "ChessBase"]
[SourceDate "2021.10.06"]
[SourceVersion "1"]
[SourceVersionDate "2021.10.06"]
[SourceQuality "1"]

1. d4 c5 2. d5 e5 3. c4 d6 4. Nc3 g6 5. e4 Ne7 6. Bg5 Bg7 7. Nf3 0-0 8. Nd2 Na6 9. Be2 Nc7 10. a3 Rb8 11. b4 b6 12. Nb3 h6 13. Bh4 g5 14. Bg3 f5 15. f3 Ng6 16. bxc5 bxc5 17. exf5 Nf4 18. Bxf4 exf4 19. Rc1 Bxf5 20. 0-0 Ne8 21. Nd2 Bd4+ 22. Kh1 Be3 23. Nce4 Rb2 24. Rc2 Rb6 25. Ra2 Rf7 26. Bd3 Bh7 27. Qc2 Rfb7 28. Nc3 Bxd3 29. Qxd3 Qf6 30. Nde4 Qg7 31. Raa1 Rb3 32. Rfb1 Bd4 33. Rc1 Qe5 34. Qc2 Rb2 35. Qa4 Ng7 36. Qc6 Nf5 37. Nb5 Re7 38. Nxd4 Nxd4 39. Qc8+ Kg7 40. Rcb1 Reb7 41. Rxb2 Rxb2 42. Qd7+ Kf8 43. Nxd6 Qe7 44. Qc8+ Kg7 45. Qxc5 Qe5 46. Qxd4 1-0

[Event "Oberpfalz-ch M2"]
[Site "Roding"]
[Date "2010.03.27"]
[Round "1"]
[White "Schindler, Thomas"]
[Black "Oberberger, Peter"]
[Result "0-1"]
[WhiteElo "1613"]
[BlackElo "1822"]
[PlyCount "70"]
[EventDate "2010.03.27"]
[EventType "swiss"]
[EventRounds "8"]
[EventCountry "GER"]
[SourceTitle "EXT 2012"]
[Source "ChessBase"]
[SourceDate "2011.11.24"]
[SourceVersion "1"]
[SourceVersionDate "2011.11.24"]
[SourceQuality "1"]

1. d4 Nf6 2. Nf3 g6 3. c4 c5 4. Nc3 cxd4 5. Nxd4 Bg7 6. Bg5 0-0 7. Qd2 Nc6 8. 0-0-0 d6 9. f3 a6 10. Bh6 Nxd4 11. Bxg7 Nxe2+ 12. Bxe2 Kxg7 13. h4 b5 14. g4 b4 15. Nd5 Nxd5 16. cxd5 f6 17. g5 Bf5 18. Bd3 Bxd3 19. Qxd3 Qd7 20. Qe4 Rac8+ 21. Kb1 Qf5 22. Qxf5 gxf5 23. Rd4 a5 24. f4 Rc5 25. Re1 Kf7 26. gxf6 Kxf6 27. Rg1 Rf7 28. b3 Rg7 29. Re1 Rg2 30. Re6+ Kf7 31. Rh6 Rcc2 32. Rxh7+ Ke8 33. Rd3 Rb2+ 34. Kc1 Rxa2 35. Re3 Ra1# 0-1

[Event "Oberpfalz-ch M3"]
[Site "Kareth Lappersdorf"]
[Date "2008.03.15"]
[Round "3"]
[White "Schwarzfischer, Bernhard"]
[Black "Schindler, Thomas"]
[Result "1-0"]
[WhiteElo "1467"]
[BlackElo "1219"]
[PlyCount "39"]
[EventDate "2008.03.15"]
[EventType "swiss"]
[EventRounds "8"]
[EventCountry "GER"]
[SourceTitle "EXT 2022"]
[Source "ChessBase"]
[SourceDate "2021.10.06"]
[SourceVersion "1"]
[SourceVersionDate "2021.10.06"]
[SourceQuality "1"]

1. d4 d5 2. Nf3 Nf6 3. e3 Bg4 4. Nbd2 Ne4 5. Be2 e6 6. Nxe4 dxe4 7. Nd2 Bxe2 8. Qxe2 f5 9. Qb5+ Nd7 10. Qxb7 Bd6 11. Nc4 0-0 12. Qa6 Nb6 13. b3 Rf6 14. Bb2 Nd5 15. Nxd6 cxd6 16. Qe2 Qc7 17. 0-0 e5 18. Qb5 Nc3 19. Bxc3 Qxc3 20. Qd5+ 1-0